000 00790nam a22002777a 4500
001 BR6000112
003 BR-BrBNA
005 20230928083015.0
007 ta
008 230509b bl.||||| |||| 00| 0 por d
040 _aBR-BrBNA
_bpor
_cBiblioteca Nacional de Agricultura
041 _a(Por)
072 _aE70; D10; D50
_b9000
_b/G514
090 _ 9000 BR6000112
110 1 _aCompanhia Brasileira de Alimentos, Brasilia, DF
245 1 _aOs novos horizontes do abastecimento [Companhia Brasileira de Alimentos]
260 3 _aBrasilia, DF (Brasil):
_c1971.
300 _a62 p.
650 _aALIMENTO
650 _aABASTECIMENTO
650 _aESTOQUE
650 _aPRECO MINIMO
650 _aPOLITICA DE ABASTECIMENTO
909 _a202309
_bLucia
_c55
_dLucia Elande
942 _cBK
999 _c11067
_d11067